<?xml version="1.0" encoding="UTF-8"?>
<collection xmlns="http://www.loc.gov/MARC21/slim">
<record>
  <controlfield tag="001">168239</controlfield>
  <controlfield tag="005">20260130124311.0</controlfield>
  <datafield tag="024" ind1="7" ind2=" ">
    <subfield code="2">doi</subfield>
    <subfield code="a">10.1039/c5dt02593a</subfield>
  </datafield>
  <datafield tag="024" ind1="8" ind2=" ">
    <subfield code="2">sideral</subfield>
    <subfield code="a">93621</subfield>
  </datafield>
  <datafield tag="037" ind1=" " ind2=" ">
    <subfield code="a">ART-2016-93621</subfield>
  </datafield>
  <datafield tag="041" ind1=" " ind2=" ">
    <subfield code="a">eng</subfield>
  </datafield>
  <datafield tag="100" ind1=" " ind2=" ">
    <subfield code="a">Ara, I.</subfield>
    <subfield code="u">Universidad de Zaragoza</subfield>
    <subfield code="0">(orcid)0000-0002-5881-9698</subfield>
  </datafield>
  <datafield tag="245" ind1=" " ind2=" ">
    <subfield code="a">Polynuclear platinum phosphanido/phosphinito complexes: Formation of P-O and P-O-P bonds through reductive coupling processes</subfield>
  </datafield>
  <datafield tag="260" ind1=" " ind2=" ">
    <subfield code="c">2016</subfield>
  </datafield>
  <datafield tag="520" ind1="3" ind2=" ">
    <subfield code="a">A mixture of the asymmetric complexes of formula (RF)2Pt(µ-Ph2PO)(µ-PPh2)Pt(µ-PPh2)2Pt(solv)(solv')] (1-(solv)(solv')] (solv, solv' = acetone, H2O, CH3CN) has been prepared by reaction of (RF)2PtII(µ-PPh2)2PtII(µ-PPh2)2PtII(NCCH3)2] with AgClO4 in CH3CN/acetone. The lability of the Pt-solvent bonds allows the displacement of the coordinated solvent molecules by dppm or Cl- and the isolation of the tri- or hexanuclear phosphanido/phosphinito Pt(ii) complexes (C6F5)2Pt(µ-PPh2)(µ-PPh2O)Pt(µ-PPh2)2Pt(dppm)] (2) or NBu4]2(C6F5)2Pt(µ-PPh2)(µ-PPh2O)Pt(µ-PPh2)2Pt(µ-Cl)2Pt(µ-PPh2)2Pt(µ-PPh2)(µ-PPh2O)Pt(C6F5)2] (as a mixture of the two possible isomers 4a and 4b). Complex 2 reacts with AgClO4 to form the tetranuclear derivative (C6F5)2Pt(µ-PPh2)(µ-PPh2O)Pt(µ-PPh2)2Pt(dppm)Ag(OClO3)] (3), which displays two Pt-Ag donor-acceptor bonds. The mixture of the hexanuclear isomers 4a-4b reacts with Tl(acac) producing the acetylacetonato complex NBu4](C6F5)2Pt(µ-PPh2)(µ-PPh2O)Pt(µ-PPh2)2Pt(acac)] (5) which, upon reaction with HCl, yields back the mixture of 4a-4b. The reaction of 4a-4b with PPh3 produces NBu4](C6F5)2Pt(µ-PPh2)(µ-PPh2O)Pt(µ-PPh2)2Pt(Cl)(PPh3)] (6) as a mixture of isomers with the chloro ligand located syn (6a) or anti (6b) to the PPh2O- group. Either the reaction of 6 with AgClO4 or the treatment of 5 with HPPh3ClO4 results in the formation of the species (C6F5)2PtII(µ-PPh2)2PtI(µ-PPh2OPPh2)PtI(PPh3)] (7) (44 VEC), which can be explained as the consequence of a PPh2O/PPh2 reductive coupling and a rearrangement of ligands in the molecule generating a Pt(ii), Pt(i), Pt(i) compound. All complexes were characterised in the solid state by XRD (only one of the isomers, in the cases of 4 and 6) and in solution by NMR spectroscopy.</subfield>
  </datafield>
  <datafield tag="540" ind1=" " ind2=" ">
    <subfield code="9">info:eu-repo/semantics/closedAccess</subfield>
    <subfield code="a">All rights reserved</subfield>
    <subfield code="u">http://www.europeana.eu/rights/rr-f/</subfield>
  </datafield>
  <datafield tag="590" ind1=" " ind2=" ">
    <subfield code="a">4.029</subfield>
    <subfield code="b">2016</subfield>
  </datafield>
  <datafield tag="591" ind1=" " ind2=" ">
    <subfield code="a">CHEMISTRY, INORGANIC &amp; NUCLEAR</subfield>
    <subfield code="b">7 / 46 = 0.152</subfield>
    <subfield code="c">2016</subfield>
    <subfield code="d">Q1</subfield>
    <subfield code="e">T1</subfield>
  </datafield>
  <datafield tag="592" ind1=" " ind2=" ">
    <subfield code="a">1.229</subfield>
    <subfield code="b">2016</subfield>
  </datafield>
  <datafield tag="593" ind1=" " ind2=" ">
    <subfield code="a">Inorganic Chemistry</subfield>
    <subfield code="c">2016</subfield>
    <subfield code="d">Q1</subfield>
  </datafield>
  <datafield tag="655" ind1=" " ind2="4">
    <subfield code="a">info:eu-repo/semantics/article</subfield>
    <subfield code="v">info:eu-repo/semantics/publishedVersion</subfield>
  </datafield>
  <datafield tag="700" ind1=" " ind2=" ">
    <subfield code="a">Forniés, J.</subfield>
    <subfield code="u">Universidad de Zaragoza</subfield>
    <subfield code="0">(orcid)0000-0003-1374-5880</subfield>
  </datafield>
  <datafield tag="700" ind1=" " ind2=" ">
    <subfield code="a">Ibáñez, S.</subfield>
  </datafield>
  <datafield tag="700" ind1=" " ind2=" ">
    <subfield code="a">Mastrorilli, P.</subfield>
  </datafield>
  <datafield tag="700" ind1=" " ind2=" ">
    <subfield code="a">Todisco, S.</subfield>
  </datafield>
  <datafield tag="700" ind1=" " ind2=" ">
    <subfield code="a">Gallo, V.</subfield>
  </datafield>
  <datafield tag="710" ind1="2" ind2=" ">
    <subfield code="1">2010</subfield>
    <subfield code="2">760</subfield>
    <subfield code="a">Universidad de Zaragoza</subfield>
    <subfield code="b">Dpto. Química Inorgánica</subfield>
    <subfield code="c">Área Química Inorgánica</subfield>
  </datafield>
  <datafield tag="773" ind1=" " ind2=" ">
    <subfield code="g">45, 5 (2016), 2156-2171</subfield>
    <subfield code="p">Dalton Trans.</subfield>
    <subfield code="t">Dalton Transactions</subfield>
    <subfield code="x">1477-9226</subfield>
  </datafield>
  <datafield tag="856" ind1="4" ind2=" ">
    <subfield code="s">2516300</subfield>
    <subfield code="u">http://zaguan.unizar.es/record/168239/files/texto_completo.pdf</subfield>
    <subfield code="y">Versión publicada</subfield>
  </datafield>
  <datafield tag="856" ind1="4" ind2=" ">
    <subfield code="s">2616127</subfield>
    <subfield code="u">http://zaguan.unizar.es/record/168239/files/texto_completo.jpg?subformat=icon</subfield>
    <subfield code="x">icon</subfield>
    <subfield code="y">Versión publicada</subfield>
  </datafield>
  <datafield tag="909" ind1="C" ind2="O">
    <subfield code="o">oai:zaguan.unizar.es:168239</subfield>
    <subfield code="p">articulos</subfield>
    <subfield code="p">driver</subfield>
  </datafield>
  <datafield tag="951" ind1=" " ind2=" ">
    <subfield code="a">2026-01-30-12:20:26</subfield>
  </datafield>
  <datafield tag="980" ind1=" " ind2=" ">
    <subfield code="a">ARTICLE</subfield>
  </datafield>
</record>
</collection>